Представление документа в формате MARC21

ПолеНазваниеЗначение
  Тип записи a
  Библиографический уровень m
001 Контрольный номер RU/URAIT/520488
003 Принадлежность контрольного номера https://urait.ru/bcode/520488
005 Дата корректировки 20230913130130.8
008 Кодируемые данные
020 Индекс ISBN __
a ISBN 978-5-534-15385-9
c Цена, тираж 1169.00
040 Источник каталогиз. __
a Служба первич. каталог. ИКО Юрайт
b Код языка каталог. rus
c Служба, преобразующая запись ИКО Юрайт
041 Код языка издания 0_
a Код языка текста rus
044 Код страны публикации __
a Код страны публикации RU
073 _1
a 9785534153859
d 1169.00
080 Индекс УДК __
a Индекс УДК 796(075.8)
084 Индекс другой классификации/Индекс ББК __
a Индекс другой классификации/Индекс ББК 75.7я73
2 Источник индекса rubbk
091 Индексы/ коды __
a Индекс ББК (DOS) 75.7я73
z rubbk
100 Автор 1_
a Автор Никитушкин В. Г.
q Полное имя Виктор Григорьевич
230 __
a Электрон. дан.
245 Заглавие 00
a Заглавие Женский спорт
b Продолж. заглавия учебник
c Ответственность В. Г. Никитушкин.
260 Выходные данные 1_
a Место издания Москва
b Издательство Юрайт
c Дата издания 2023
300 Физическое описание __
a Объем 277 с
440 Серия _0
a Серия Высшее образование
500 Примечания __
a Примечание URL: https://urait.ru/bcode/520488 (дата обращения: 13.09.2023).
520 Аннотация __
a Аннотация Курс представляет собой системное изложение научно-методического и практического материала по актуальным проблемам женского спорта, необходимого студентам физкультурных и педагогических вузов для освоения профессии тренера-преподавателя, учителя физической культуры. В курсе раскрываются содержание, организационные формы подготовки юных и взрослых спортсменок, общие закономерности процесса специализированных занятий, вопросы оптимального планирования и построения тренировки детей, подростков, девушек и женщин в годичном цикле и многолетней подготовке. Соответствует актуальным требованиям федерального государственного образовательного стандарта высшего образования. Курс адресован студентам (бакалаврам и магистрам), тренерам, преподавателям физического воспитания, спортсменам и всем, кто занимается физической культурой и спортом.
538 Прим. о системных особенностях __
a Прим. о системных особенностях Режим доступа: Электронно-библиотечная система Юрайт, для авториз. пользователей
653 Ключевые слова 2_
a Ключевые слова Физическая культура
653 Ключевые слова 2_
a Ключевые слова Гуманитарные науки
653 Ключевые слова 2_
a Ключевые слова Женский спорт
856 Электронный адрес документа 40
n Местонахождение сервера Юрайт
g Электронная книга
q Тип электронного формата html
h Имя пользователя ЮРАЙТ
v Часы доступа к ресурсу 20251231
2 Способ доступа Показать документ
x Служебное примечание https://urait.ru/book/cover/A530F0BE-2B0E-4955-9B63-C3EFD789D959
u URL https://urait.ru/bcode/520488
856 Электронный адрес документа 41
q Тип электронного формата cover
u URL https://urait.ru/book/cover/A530F0BE-2B0E-4955-9B63-C3EFD789D959